Spell the Marvel Character #127 - Statistics

General Stats
  • This quiz has been taken 22 times
  • The average score is 8 of 10
Answer Stats
Picture Answer % Correct
Iron Lad
100%
Old Man Logan
100%
Kitty Pryde
88%
Tigra
88%
Yelena Belova
88%
Excalibur
71%
Moon Girl
71%
Hit-Monkey
59%
Night Thrasher
53%
Husk
35%
No matching quizzes found
Score Distribution
Percent of People with Each Score
Percentile by Number Answered
Your Score History
You have not taken this quiz